AH International Schools' Libraries

Children's bible stories / (Record no. 49978)

MARC details
000 -LEADER
fixed length control field 00306nam a2200109 4500
020 ## - INTERNATIONAL STANDARD BOOK NUMBER
International Standard Book Number 9781803684826
245 ## - TITLE STATEMENT
Title Children's bible stories /
Statement of responsibility, etc Stephanie Moss.
260 ## - PUBLICATION, DISTRIBUTION, ETC. (IMPRINT)
Place of publication, distribution, etc Stockholm, Sweden:
Name of publisher, distributor, etc Autumn Publishing;
Date of publication, distribution, etc 2020.
300 ## - PHYSICAL DESCRIPTION
Extent 255 p.
Other physical details col. ill.
Dimensions 23 cm.
650 ## - SUBJECT ADDED ENTRY--TOPICAL TERM
Topical term or geographic name as entry element Bible stories.
942 ## - ADDED ENTRY ELEMENTS (KOHA)
Source of classification or shelving scheme
Koha item type Book
Holdings
Withdrawn status Lost status Source of classification or shelving scheme Damaged status Not for loan Collection code Home library Current library Date acquired Total Checkouts Full call number Barcode Date last seen Price effective from Koha item type
          Non-Fiction Asian Hope Siem Reap Asian Hope Siem Reap 12/11/2025   220 MOS 209696 12/11/2025 12/11/2025 Book

For any Logos Library related questions please contact Miss Art at swongnarasuk@asianhope.org.

For any Asian Hope Library related questions please contact Miss Raza at graza@asianhope.org.

Click here to explore our ebooks!

Powered by Koha